000 01524nam a22003374i 4500
001 991061597658306706
003 ES-BaIT
005 20260130142021.0
008 260127s2024 sp 000 0 cat c
017 _aDL PM 00497-2024
_bOficina DL Mallorca
020 _a9788412827095
040 _aES-BaIT
_bcat
_erda
_cES-BaIT
080 _a849.9-2"20"
100 1 _aRuiz, Xavier,
_d1976-
_eautor
_9168251
245 1 0 _aDrets humans /
_cXavier Ruiz
264 1 _aMallorca :
_bAdiA Edicions,
_c2024
300 _a136 pàgines ;
_c19 cm
336 _atext
_btxt
_2rdacontent
337 _asense mediació
_bn
_2rdamedia
338 _avolum
_bnc
_2rdacarrier
490 1 _aCol·lecció Jàssera
_v; 5
500 _aSense llista de personatges
520 _a"La Segona Guerra Mundial ja ha acabat a Europa i està en vies de finalitzar a les costes del Pacífic. Les forces aliades impulsen la creació de les Nacions Unides. Entre els seus projectes més ambiciosos es compta la redacció d’una declaració que reculli els drets dels éssers humans amb independència de qualsevol consideració aliena a la pròpia naturalesa humana. Una dona, Eleanor Roosevelt, és designada per dur a terme aquesta monumental tasca." -- Contracoberta
586 _aIII Premi Vila de Santanyí de Teatre
600 1 0 _aRoosevelt, Eleanor
_vTextos dramàtics
_9168252
650 0 _aDrets humans
_vTextos dramàtics
_9168253
830 0 _aCol·lecció Jàssera
_9168250
_v 5
908 _aCDMAE
940 _aCVA38
942 _2udc
_c1
999 _c136974
_d136974